00380nam a2200145Ia 4500003000400000005001700004008004100021040000700062041000800069082002100077100003400098245004200132260004700174365001300221OSt20230630131847.0210423s9999 xx 000 0 und d cAL aeng a303.484 SINR223 aSINGH (Ravi);SHANKAR (Kumar). aRole of NGOs in developing countries. bDeep and deep publicationaNew Delhic2003 b600cINR